[Event "4NCL Online Division 5"]
[Site "online"]
[Date "2020.04.07"]
[Round "1.72"]
[White "Gibson, Stephen"]
[Black "Dabner, Tom"]
[Result "0-1"]
[WhiteElo "1510"]
[BlackElo "1690"]
[PlyCount "32"]
[EventDate "2020.04.07"]
[WhiteTeam "Sheffield Deaf"]
[BlackTeam "Nottingham University 2"]

1. e4 d5 2. exd5 Nf6 3. Nc3 Nxd5 4. Nxd5 Qxd5 5. d4 Nc6 6. c3 e5 7. dxe5 Qxd1+
8. Kxd1 Nxe5 9. Be2 Bf5 10. Nf3 O-O-O+ 11. Bd2 Ng4 12. Rf1 Bc5 13. Ke1 Rhe8 14.
h3 Bd3 15. hxg4 Rxe2+ 16. Kd1 Rxd2+ 0-1

[Event "4NCL Online Division 5"]
[Site "online"]
[Date "2020.04.07"]
[Round "1.73"]
[White "Kuralla, Kaushik"]
[Black "Litherland, Reuben"]
[Result "1-0"]
[WhiteElo "1585"]
[BlackElo "1375"]
[PlyCount "63"]
[EventDate "2020.04.07"]
[WhiteTeam "Nottingham University 2"]
[BlackTeam "Sheffield Deaf"]

1. d4 e6 2. e4 d5 3. exd5 exd5 4. Nf3 Nc6 5. Bb5 Bf5 6. Nc3 Bb4 7. Bd2 Nge7 8.
O-O Bd6 9. Bxc6+ bxc6 10. Re1 c5 11. Nxd5 Be6 12. Nxe7 Bxe7 13. c3 c4 14. Qa4+
Qd7 15. Qxd7+ Bxd7 16. Bg5 f6 17. Bf4 c6 18. Bd6 Kf7 19. Rxe7+ Kg6 20. Rxd7
Rhe8 21. Re1 Rxe1+ 22. Nxe1 Re8 23. Re7 Rd8 24. Bc5 Rb8 25. Bb4 a5 26. Ba3 Rd8
27. Ra7 a4 28. Rxa4 Re8 29. Kf1 Re4 30. Rxc4 h5 31. Rxc6 Kh6 32. d5 1-0

[Event "4NCL Online Division 5"]
[Site "online"]
[Date "2020.04.07"]
[Round "1.74"]
[White "Cooper, Darci"]
[Black "Litherland, Jack"]
[Result "0-1"]
[WhiteElo "1375"]
[BlackElo "1300"]
[PlyCount "56"]
[EventDate "2020.04.07"]
[WhiteTeam "Sheffield Deaf"]
[BlackTeam "Nottingham University 2"]

1. e4 e5 2. d4 Nc6 3. d5 Nce7 4. Nf3 d6 5. Bc4 Nf6 6. Nc3 h6 7. O-O Bg4 8. h3
Bxh3 9. gxh3 Qd7 10. Kh2 g5 11. Ng1 O-O-O 12. Be3 a6 13. f4 g4 14. f5 gxh3 15.
Nxh3 h5 16. Ng5 Ng4+ 17. Kg3 Nxe3 18. Qe2 Nxf1+ 19. Qxf1 Rg8 20. Kh4 Ng6+ 21.
Kxh5 Nf4+ 22. Kg4 Bh6 23. Qh1 Bxg5 24. Qf1 c6 25. a4 Bh4+ 26. Kxh4 f6 27. Be2
Qh7+ 28. Bh5 Qxh5# 0-1

[Event "4NCL Online Division 5"]
[Site "online"]
[Date "2020.04.07"]
[Round "1.81"]
[White "Chung, Ethan Cheung Jing"]
[Black "Zhu, Hou Ning"]
[Result "1-0"]
[WhiteElo "1847"]
[BlackElo "1810"]
[PlyCount "107"]
[EventDate "2020.04.07"]
[WhiteTeam "Young Dragons"]
[BlackTeam "MCS Oxford Juniors"]

1. e4 c5 2. d4 cxd4 3. c3 d3 4. Bxd3 g6 5. Nf3 Bg7 6. O-O d6 7. Bf4 Nf6 8. Nbd2
O-O 9. Re1 Nc6 10. Qe2 Nd7 11. Bc2 Nc5 12. Nb3 Ne6 13. Bg3 Qc7 14. Rad1 b6 15.
h3 Bb7 16. Nbd4 Ncxd4 17. cxd4 Rac8 18. Bb3 Qd7 19. Bd5 Rfe8 20. Bxb7 Qxb7 21.
d5 Nc5 22. Bf4 Na4 23. Nd4 Bxd4 24. Rxd4 Nc5 25. Be3 Rc7 26. Rc1 Rec8 27. b3
Nd7 28. Rdc4 Ne5 29. Rxc7 Rxc7 30. Rxc7 Qxc7 31. f4 Nd7 32. Qd3 Nf6 33. b4 Kg7
34. Kf2 Kg8 35. Kf3 Qc8 36. a4 Qc7 37. b5 Nd7 38. Ke2 Nc5 39. Qc3 Qd7 40. Bxc5
dxc5 41. Qd3 Qc7 42. e5 Kf8 43. Ke3 Qd7 44. Kf3 Ke8 45. Qe4 Qb7 46. e6 f6 47.
g4 Qc7 48. h4 c4 49. h5 c3 50. hxg6 Kf8 51. gxh7 Kg7 52. Qg6+ Kxg6 53. h8=Q c2
54. f5+ 1-0

[Event "4NCL Online Division 5"]
[Site "online"]
[Date "2020.04.07"]
[Round "1.82"]
[White "Kassey, Amaan"]
[Black "Davies, Milo"]
[Result "1/2-1/2"]
[WhiteElo "1660"]
[BlackElo "1420"]
[PlyCount "96"]
[EventDate "2020.04.07"]
[WhiteTeam "MCS Oxford Juniors"]
[BlackTeam "Young Dragons"]

1. e4 d5 2. exd5 Qxd5 3. Nc3 Qa5 4. Nf3 Nf6 5. d3 Bd7 6. Bd2 e6 7. Ne4 Qb6 8.
Nxf6+ gxf6 9. Bc3 e5 10. d4 Nc6 11. d5 Nb4 12. a3 Bc5 13. Qd2 Nxd5 14. Qxd5
Bxf2+ 15. Kd1 O-O-O 16. Bd3 Bc6 17. Qa5 Qxa5 18. Bxa5 e4 19. Ke2 Bb6 20. Bxb6
exd3+ 21. cxd3 axb6 22. Rad1 Rhe8+ 23. Kf2 Bxf3 24. Kxf3 Rd6 25. Rhf1 Rde6 26.
Rd2 c5 27. Rc1 Kd7 28. d4 Rd6 29. Rcd1 cxd4 30. Rxd4 Ree6 31. Rxd6+ Rxd6 32.
Rxd6+ Kxd6 33. Ke4 Ke6 34. g4 h6 35. a4 f5+ 36. gxf5+ Kf6 37. Kf4 Ke7 38. Ke5
f6+ 39. Kd5 Kd7 40. h4 h5 41. b4 Ke7 42. a5 bxa5 43. bxa5 Kd7 44. Kc5 Kc7 45.
Kb5 Kb8 46. Kc5 Kc7 47. Kd5 Kd7 48. Kc5 Kc7 1/2-1/2

[Event "4NCL Online Division 5"]
[Site "online"]
[Date "2020.04.07"]
[Round "1.83"]
[White "Davies, Tom"]
[Black "Bridson, Ewan"]
[Result "1-0"]
[WhiteElo "1405"]
[BlackElo "1525"]
[PlyCount "95"]
[EventDate "2020.04.07"]
[WhiteTeam "Young Dragons"]
[BlackTeam "MCS Oxford Juniors"]

1. c4 Nf6 2. Nc3 e5 3. Nf3 Nc6 4. e4 d6 5. d3 Bg4 6. h3 Bh5 7. g3 Bxf3 8. Qxf3
Nd4 9. Qd1 h6 10. Bg2 Be7 11. O-O O-O 12. b4 c6 13. Rb1 d5 14. cxd5 cxd5 15.
Nxd5 Nxd5 16. exd5 Qb6 17. Re1 Bd6 18. a3 Rfe8 19. Bb2 Rad8 20. Rc1 a5 21. Rc4
axb4 22. Bxd4 exd4 23. Rxe8+ Rxe8 24. axb4 Bxb4 25. Qb3 Bc5 26. Qxb6 Bxb6 27.
Rb4 Bc5 28. Rxb7 Re1+ 29. Kh2 Rd1 30. Rb8+ Kh7 31. Be4+ g6 32. Rb5 Ba3 33. Ra5
Bb4 34. Ra4 Bc5 35. Rc4 Bb6 36. Rc6 Ba7 37. d6 Rb1 38. d7 Rb8 39. Rc8 Rxc8 40.
dxc8=Q h5 41. Qd7 Kh8 42. Qxa7 Kg7 43. Qxd4+ Kh7 44. g4 h4 45. f4 f6 46. Qxf6
Kg8 47. Qxg6+ Kh8 48. Qh7# 1-0

[Event "4NCL Online Division 5"]
[Site "online"]
[Date "2020.04.07"]
[Round "1.84"]
[White "Masacorale, Jamie"]
[Black "Jaberansari, Benjamin"]
[Result "1/2-1/2"]
[WhiteElo "1322"]
[BlackElo "1330"]
[PlyCount "49"]
[EventDate "2020.04.07"]
[WhiteTeam "MCS Oxford Juniors"]
[BlackTeam "Young Dragons"]

1. d4 Nf6 2. c4 g6 3. Nc3 Bg7 4. Nf3 O-O 5. Bf4 d6 6. Qd2 Re8 7. Bh6 e5 8. Bxg7
Kxg7 9. d5 Kg8 10. e4 c6 11. Be2 Qb6 12. h3 Nbd7 13. O-O Nc5 14. Bd3 Bd7 15.
Rab1 a5 16. Bc2 Ra7 17. Rfe1 Raa8 18. Na4 Nxa4 19. Bxa4 Qc5 20. Rbc1 Ra6 21.
Bd1 Rb6 22. b3 Rb4 23. Bc2 a4 24. Qg5 Kg7 25. Qd2 1/2-1/2

[Event "4NCL Online Division 5"]
[Site "online"]
[Date "2020.04.07"]
[Round "1.91"]
[White "Dasgupta, Avyukt"]
[Black "Moore, Eoin"]
[Result "0-1"]
[WhiteElo "1637"]
[BlackElo "1558"]
[PlyCount "68"]
[EventDate "2020.04.07"]
[WhiteTeam "Watford Juniors A"]
[BlackTeam "Kent KJCA Kestrels D"]

1. e4 e6 2. d4 d5 3. Nd2 Be7 4. c3 c5 5. exd5 cxd4 6. d6 Bxd6 7. cxd4 Nf6 8.
Ndf3 b6 9. Bg5 Bb7 10. Bb5+ Nc6 11. Rc1 Rc8 12. Qa4 Qd7 13. Bxf6 gxf6 14. Ne2
Ke7 15. d5 Bb4+ 16. Kf1 Qxd5 17. a3 Bd6 18. Bc4 Qa5 19. Qb3 Rhg8 20. Ng3 Ne5
21. Nxe5 Bxe5 22. Rd1 Rxc4 23. Qxc4 Ba6 24. Qe2 Bxe2+ 25. Nxe2 Rd8 26. Rb1 Bxb2
27. g3 Qd2 28. Nf4 Qc2 29. Kg2 Qe4+ 30. f3 Rd2+ 31. Kh3 Qf5+ 32. Kh4 Qg5+ 33.
Kh3 Qh6+ 34. Kg4 f5# 0-1

[Event "4NCL Online Division 5"]
[Site "online"]
[Date "2020.04.07"]
[Round "1.92"]
[White "Dorman, Orla"]
[Black "Morrell, Sean"]
[Result "1-0"]
[WhiteElo "1464"]
[BlackElo "1607"]
[PlyCount "153"]
[EventDate "2020.04.07"]
[WhiteTeam "Kent KJCA Kestrels D"]
[BlackTeam "Watford Juniors A"]

1. e4 e6 2. d4 d5 3. Nd2 c5 4. exd5 exd5 5. Ngf3 Nf6 6. Be2 Be7 7. O-O O-O 8.
dxc5 Bxc5 9. Nb3 Bb6 10. c3 Nc6 11. Bg5 Be6 12. Nbd4 Nxd4 13. Nxd4 Bd7 14. Bf3
h6 15. Bh4 Re8 16. Bxf6 Qxf6 17. Bxd5 Rad8 18. Qf3 Bxd4 19. cxd4 Qxf3 20. Bxf3
Bc6 21. Bxc6 bxc6 22. Rfd1 Re4 23. Rac1 Rexd4 24. Rxd4 Rxd4 25. g3 Rd6 26. Kg2
Kf8 27. Rc3 Ke7 28. Ra3 Rd7 29. Kf3 f5 30. Kf4 Kf6 31. Ra5 g5+ 32. Ke3 g4 33.
Ra6 Rc7 34. Kf4 Ke6 35. Ra5 Rb7 36. Re5+ Kd6 37. b3 c5 38. Rxf5 Rb4+ 39. Ke3
Rb6 40. Rf6+ Ke5 41. Rf4 Rg6 42. Re4+ Kd5 43. Re7 Ra6 44. a4 Rb6 45. Rd7+ Ke5
46. Rd3 Rf6 47. Ke2 Rb6 48. f4+ gxf3+ 49. Kxf3 h5 50. Re3+ Kf5 51. Rc3 Kf6 52.
Kg2 Rc6 53. b4 c4 54. b5 Rc5 55. Kh3 Kg5 56. Kg2 h4 57. gxh4+ Kxh4 58. Kf3 a6
59. b6 Rc8 60. Ke4 a5 61. Kd5 Kg5 62. Rxc4 Rd8+ 63. Kc6 Rc8+ 64. Kb5 Rb8 65.
Kxa5 Kf6 66. Kb5 Ke6 67. a5 Kd5 68. Rc7 Kd6 69. a6 Rd8 70. a7 Re8 71. Rc6+ Kd7
72. Rc5 Re2 73. a8=Q Rb2+ 74. Kc4 Kd6 75. Qc6+ Ke7 76. Re5+ Kf7 77. Qe6+ 1-0

[Event "4NCL Online Division 5"]
[Site "online"]
[Date "2020.04.07"]
[Round "1.93"]
[White "Nagda, Maanav"]
[Black "Chaban, Roxolana"]
[Result "0-1"]
[WhiteElo "1592"]
[BlackElo "1462"]
[PlyCount "94"]
[EventDate "2020.04.07"]
[WhiteTeam "Watford Juniors A"]
[BlackTeam "Kent KJCA Kestrels D"]

1. d4 Nf6 2. Nc3 g6 3. Bg5 Bg7 4. Nf3 d5 5. e3 O-O 6. Be2 Ne4 7. Bf4 c5 8. dxc5
Nxc3 9. Qd3 Nxe2 10. Qxe2 Qa5+ 11. c3 Bxc3+ 12. Nd2 Bxb2 13. Rb1 Qxa2 14. O-O
Bc3 15. Rfd1 Bxd2 16. Ra1 Qc4 17. Qxd2 Qxc5 18. Ra5 Qb6 19. Rxd5 Nc6 20. Bh6
Re8 21. Qc3 f6 22. R5d3 Qb4 23. Qc2 Be6 24. h3 Ne5 25. Rd4 Qb3 26. Qc7 Rac8 27.
Qa5 Nc6 28. Qd2 Nxd4 29. Qxd4 a5 30. Ra1 Qc3 31. Qd1 Bb3 32. Qb1 Red8 33. Ra3
Rd1+ 34. Qxd1 Bxd1 35. Rxc3 Rxc3 36. Bf4 a4 37. Kf1 a3 38. Ke1 a2 39. Kxd1
a1=Q+ 40. Ke2 Qa2+ 41. Kf3 e5 42. Bh6 Qd5+ 43. Kg3 f5 44. Bg5 f4+ 45. Kg4 Qxg2+
46. Kh4 Qxf2+ 47. Kg4 Qg3# 0-1

[Event "4NCL Online Division 5"]
[Site "online"]
[Date "2020.04.07"]
[Round "1.94"]
[White "Brightley-Davies, Ciaran"]
[Black "Tharkabhushanam, Anirvin"]
[Result "1/2-1/2"]
[WhiteElo "1454"]
[BlackElo "1360"]
[PlyCount "144"]
[EventDate "2020.04.07"]
[WhiteTeam "Kent KJCA Kestrels D"]
[BlackTeam "Watford Juniors A"]

1. e4 e6 2. d4 d5 3. Nd2 dxe4 4. Nxe4 Nd7 5. Nf3 Ngf6 6. Nxf6+ Nxf6 7. Bd3 c5
8. Be3 cxd4 9. Bxd4 Be7 10. O-O O-O 11. c3 b6 12. Qc2 Kh8 13. Rad1 Qe8 14. Ng5
e5 15. Bxe5 Nd7 16. Nf3 Nxe5 17. Nxe5 Bf6 18. Nf3 Qe7 19. Rfe1 Qc7 20. Re2 Bg4
21. Be4 Rad8 22. Red2 Rxd2 23. Rxd2 Re8 24. Rd1 g6 25. h3 Bd7 26. Bd5 Kg7 27.
Qd2 Rd8 28. c4 Bc6 29. Nd4 Bxd5 30. cxd5 Rxd5 31. Qe3 Qd7 32. b3 Bxd4 33. Rxd4
Rxd4 34. a4 Qd6 35. Kf1 Rd1+ 36. Ke2 Rd5 37. f4 Qe6 38. Qxe6 fxe6 39. Ke3 Kf6
40. g4 e5 41. fxe5+ Rxe5+ 42. Kd4 Rc5 43. b4 Rc1 44. h4 Rg1 45. g5+ Kf5 46. Kd5
Rc1 47. h5 Kxg5 48. hxg6 hxg6 49. a5 b5 50. Kd4 Kf4 51. Kd5 g5 52. Kd4 g4 53.
Kd3 g3 54. Ke2 Rc4 55. Kf1 Rxb4 56. Kg2 Rc4 57. Kf1 b4 58. Ke2 b3 59. Kd1 b2
60. Kd2 b1=Q 61. Ke2 Qb3 62. Kf1 g2+ 63. Kg1 Qa4 64. a6 Qxa6 65. Kh2 Qb5 66.
Kg1 a5 67. Kh2 Rc2 68. Kg1 a4 69. Kh2 a3 70. Kg1 a2 71. Kh2 g1=B+ 72. Kh1 Ba7
1/2-1/2

[Event "4NCL Online Division 5"]
[Site "online"]
[Date "2020.04.07"]
[Round "1.101"]
[White "Humeniuk, Michael"]
[Black "Ball, Matthew P"]
[Result "1/2-1/2"]
[WhiteElo "1480"]
[BlackElo "1750"]
[PlyCount "74"]
[EventDate "2020.04.07"]
[WhiteTeam "Broken Herts 2"]
[BlackTeam "Doughnuts of Doom"]

1. e4 d6 2. f4 Nd7 3. Nf3 e5 4. Bc4 h6 5. d3 Ngf6 6. Nc3 c6 7. fxe5 dxe5 8. a3
b5 9. Bb3 Bc5 10. Qe2 Qb6 11. Nd1 a5 12. Be3 Qc7 13. O-O O-O 14. Kh1 Ba6 15.
Nd2 Rae8 16. Rxf6 Bxe3 17. Rxc6 Qxc6 18. Nxe3 Nf6 19. Rf1 Bc8 20. Nb1 Be6 21.
Nd2 Bxb3 22. Nxb3 a4 23. Nc1 Rc8 24. Na2 Qc5 25. Nb4 Qd6 26. Qf2 Qe6 27. Qg3
Nh5 28. Qf3 Nf4 29. Nf5 Kh7 30. Ne3 Rfd8 31. Qf2 Qg6 32. Qf3 Rd7 33. Qf2 Rcc7
34. Qf3 Qh5 35. Qf2 Qg6 36. Qf3 Qh5 37. Qf2 Qg6 1/2-1/2

[Event "4NCL Online Division 5"]
[Site "online"]
[Date "2020.04.07"]
[Round "1.102"]
[White "Smith, David W"]
[Black "Butina, Darko"]
[Result "1-0"]
[WhiteElo "1727"]
[BlackElo "1465"]
[PlyCount "117"]
[EventDate "2020.04.07"]
[WhiteTeam "Doughnuts of Doom"]
[BlackTeam "Broken Herts 2"]

1. e4 g6 2. d4 Bg7 3. Nc3 b6 4. Be3 Ba6 5. Bd3 Bxd3 6. Qxd3 a6 7. f4 f6 8. Nf3
d6 9. a3 Nd7 10. O-O e6 11. f5 e5 12. dxe5 dxe5 13. Rad1 Bh6 14. Rd2 Bf8 15.
Rfd1 Bd6 16. fxg6 hxg6 17. Qe2 Ne7 18. b4 Kf7 19. Qc4+ Kg7 20. Qf1 Rh7 21. Ne2
Qh8 22. h3 Nf8 23. Nh2 Nd7 24. c4 Qe8 25. Nc3 Rh8 26. Nd5 Nxd5 27. Rxd5 Qe6 28.
c5 bxc5 29. bxc5 Nxc5 30. Bxc5 Bxc5+ 31. Rxc5 c6 32. Rdc1 Rhc8 33. Qc4 Qd7 34.
Nf3 Rc7 35. Rxc6 Rxc6 36. Qxc6 Ra7 37. Qxd7+ Rxd7 38. Rc6 Ra7 39. Kf2 g5 40.
Ke3 a5 41. Kd3 Rf7 42. Ra6 Rd7+ 43. Kc3 Rc7+ 44. Kd2 Rb7 45. Ne1 Rb2+ 46. Nc2
Rb5 47. a4 Rb2 48. Rxa5 Ra2 49. Ra7+ Kg6 50. g4 Rb2 51. Kc3 Rb1 52. a5 Rh1 53.
a6 Rxh3+ 54. Kb2 Rh8 55. Rb7 Ra8 56. a7 Kh6 57. Ne3 Kg6 58. Nd5 Kh6 59. Nb6 1-0

[Event "4NCL Online Division 5"]
[Site "online"]
[Date "2020.04.07"]
[Round "1.103"]
[White "Lynch, Mark"]
[Black "Ball, Charlie"]
[Result "0-1"]
[WhiteElo "1472"]
[BlackElo "1555"]
[PlyCount "48"]
[EventDate "2020.04.07"]
[WhiteTeam "Broken Herts 2"]
[BlackTeam "Doughnuts of Doom"]

1. d4 Nf6 2. Nc3 d5 3. Bf4 e6 4. e3 c6 5. Bd3 Bd6 6. Bg3 Qc7 7. f4 Nbd7 8. h3
h6 9. Nf3 b6 10. Ne5 O-O 11. Bh2 c5 12. Nb5 Qb8 13. Nxd6 Qxd6 14. c3 c4 15. Bc2
b5 16. a3 a5 17. O-O a4 18. Qf3 Bb7 19. g4 Nh7 20. f5 Ng5 21. Qg2 Qe7 22. Nxd7
Qxd7 23. f6 g6 24. Bf4 Kh7 0-1

[Event "4NCL Online Division 5"]
[Site "online"]
[Date "2020.04.07"]
[Round "1.104"]
[White "Ball, Katie C"]
[Black "Huhn, Robert M"]
[Result "1-0"]
[WhiteElo "1532"]
[BlackElo "1412"]
[PlyCount "44"]
[EventDate "2020.04.07"]
[WhiteTeam "Doughnuts of Doom"]
[BlackTeam "Broken Herts 2"]

1. d4 d5 2. Nf3 c5 3. c3 Nf6 4. Bg5 e6 5. Nbd2 Be7 6. e3 Nbd7 7. Bd3 O-O 8. O-O
Qc7 9. Qc2 h6 10. Bf4 Bd6 11. Bxd6 Qxd6 12. Rae1 c4 13. Be2 e5 14. e4 dxe4 15.
Nxe4 Nxe4 16. Qxe4 exd4 17. Qxd4 Qxd4 18. Nxd4 Nb6 19. Nb5 Rd8 20. Rd1 Bd7 21.
Nd6 Ba4 22. Rd4 Bb5 1-0

[Event "4NCL Online Division 5"]
[Site "online"]
[Date "2020.04.07"]
[Round "1.111"]
[White "McGettigan, Andrew"]
[Black "Siddle, Michael"]
[Result "1-0"]
[WhiteElo "1723"]
[BlackElo "1562"]
[PlyCount "115"]
[EventDate "2020.04.07"]
[WhiteTeam "CSC 5"]
[BlackTeam "Bishop Knights"]

1. e4 d5 2. exd5 Qxd5 3. Nc3 Qa5 4. d4 c6 5. Bc4 Nf6 6. Bd2 Qc7 7. Nf3 Bf5 8.
Ne5 e6 9. Bf4 Bd6 10. Qe2 O-O 11. g4 Nxg4 12. Rg1 Nf6 13. O-O-O g6 14. Rg5 Nbd7
15. Rdg1 Nd5 16. Bxd5 exd5 17. Rxf5 Rae8 18. Qh5 Re6 19. Qh6 Nxe5 20. dxe5 Bxe5
21. Bxe5 Rxe5 22. Qf4 Rfe8 23. Rxe5 Qxe5 24. Qxe5 Rxe5 25. Kd2 Kf8 26. f4 Rh5
27. Rg2 Rh4 28. Ne2 c5 29. c3 Kg7 30. Ke3 f5 31. Kf3 Kf6 32. Ng1 Rh5 33. h3 h6
34. Rd2 Ke6 35. Re2+ Kd6 36. Rg2 g5 37. fxg5 hxg5 38. Kg3 Rh8 39. Re2 Rf8 40.
Nf3 Rg8 41. Ne5 g4 42. hxg4 fxg4 43. Nxg4 b5 44. Kf3 Rf8+ 45. Ke3 Re8+ 46. Kd2
Rxe2+ 47. Kxe2 Ke6 48. Kd3 Kf5 49. Ne3+ Ke6 50. Nc2 Ke5 51. b4 c4+ 52. Ke3 Kd6
53. Kd4 Kc6 54. Ne3 a5 55. bxa5 b4 56. cxb4 Kb5 57. Nxd5 c3 58. Nxc3+ 1-0

[Event "4NCL Online Division 5"]
[Site "online"]
[Date "2020.04.07"]
[Round "1.112"]
[White "Sides, David"]
[Black "Mason, Ian"]
[Result "0-1"]
[WhiteElo "1547"]
[BlackElo "1548"]
[PlyCount "71"]
[EventDate "2020.04.07"]
[WhiteTeam "Bishop Knights"]
[BlackTeam "CSC 5"]

1. d4 d5 2. c4 dxc4 3. Nf3 Nf6 4. e3 Bf5 5. Bxc4 e6 6. O-O Bd6 7. Nc3 c6 8. Re1
Ne4 9. Nxe4 Bxe4 10. Bd3 Bxd3 11. Qxd3 O-O 12. e4 Na6 13. Bg5 Nb4 14. Qd2 f6
15. Bh4 Qb6 16. a3 Bf4 17. Qxb4 Qxb4 18. axb4 e5 19. Bg3 Bxg3 20. hxg3 exd4 21.
Nxd4 Rfe8 22. f3 b5 23. Nxc6 Re6 24. Nxa7 Rae8 25. Nxb5 f5 26. Nc3 fxe4 27.
fxe4 Re5 28. Ra5 R5e6 29. Rea1 Rg6 30. Ra8 Kf8 31. Rf1+ Ke7 32. Rxe8+ Kxe8 33.
Rf3 Ra6 34. b5 Ra1+ 35. Kf2 Rb1 36. Nxb1 0-1

[Event "4NCL Online Division 5"]
[Site "online"]
[Date "2020.04.07"]
[Round "1.113"]
[White "Wenninger, Maxim"]
[Black "Clynes, Chris"]
[Result "1-0"]
[WhiteElo "1540"]
[BlackElo "1435"]
[PlyCount "49"]
[EventDate "2020.04.07"]
[WhiteTeam "CSC 5"]
[BlackTeam "Bishop Knights"]

1. e4 e6 2. d4 d5 3. Nd2 c5 4. exd5 Qxd5 5. Ngf3 cxd4 6. Bc4 Qd8 7. Nb3 Nc6 8.
Nbxd4 Bc5 9. Be3 Nge7 10. O-O O-O 11. c3 a6 12. Bd3 Nxd4 13. Nxd4 Nd5 14. Bd2
b5 15. Qh5 Nf6 16. Qxc5 Bb7 17. Bg5 Rc8 18. Qe5 Kh8 19. Rad1 Qe7 20. Rfe1 h6
21. Bh4 g5 22. Bxg5 hxg5 23. Qxg5 Rg8 24. Qh6+ Nh7 25. Qxh7# 1-0

[Event "4NCL Online Division 5"]
[Site "online"]
[Date "2020.04.07"]
[Round "1.114"]
[White "Burnett, John"]
[Black "Khoury, Theo"]
[Result "0-1"]
[WhiteElo "1247"]
[BlackElo "1465"]
[PlyCount "92"]
[EventDate "2020.04.07"]
[WhiteTeam "Bishop Knights"]
[BlackTeam "CSC 5"]

1. e4 c5 2. Nc3 Nc6 3. Nf3 d6 4. a3 Nf6 5. h3 e6 6. d3 Be7 7. Bg5 O-O 8. Be2 b6
9. Qd2 Bb7 10. O-O-O Rc8 11. Kb1 a6 12. g3 Qc7 13. Nh2 Nd4 14. Ng4 Nxg4 15.
hxg4 Nxe2 16. Nxe2 d5 17. f3 Rfd8 18. Bxe7 Qxe7 19. Nf4 dxe4 20. fxe4 Bxe4 21.
Rh2 h6 22. Qe3 Bb7 23. Rdd2 Qg5 24. Rh4 e5 25. Ng2 Bxg2 26. Qxg5 hxg5 27. Rh2
Bf3 28. Rdf2 Bxg4 29. Rf1 f6 30. Rfh1 Kf7 31. Rf2 Rh8 32. Re1 Rce8 33. Re4 Be6
34. b3 Bd5 35. Rg4 Kg6 36. Ra4 a5 37. b4 Bc6 38. b5 Bd5 39. Kb2 Rh3 40. g4 Reh8
41. Re2 Rh2 42. Rxh2 Rxh2 43. Kc3 f5 44. gxf5+ Kxf5 45. Rxa5 bxa5 46. b6 g4 0-1

[Event "4NCL Online Division 5"]
[Site "online"]
[Date "2020.04.07"]
[Round "1.121"]
[White "Dhemrait, Surjit S"]
[Black "Robinson, Brian"]
[Result "0-1"]
[WhiteElo "1518"]
[BlackElo "1750"]
[PlyCount "40"]
[EventDate "2020.04.07"]
[WhiteTeam "Harrow 4"]
[BlackTeam "Bishop Trojans"]

1. e4 e6 2. Nc3 d5 3. d3 c5 4. Nf3 Nc6 5. exd5 exd5 6. g3 Nf6 7. Bg2 Be7 8. O-O
O-O 9. a3 Bg4 10. Bf4 Qd7 11. Re1 Rfe8 12. Nb5 Rac8 13. h3 Bxh3 14. Bxh3 Qxh3
15. Nh2 Qd7 16. Nc3 Bd6 17. Qf3 Bxf4 18. Qxf4 Nd4 19. Qd2 Ng4 20. Nxg4 Nf3+ 0-1

[Event "4NCL Online Division 5"]
[Site "online"]
[Date "2020.04.07"]
[Round "1.122"]
[White "Smith, Peter J"]
[Black "Nettleton, Robin"]
[Result "1-0"]
[WhiteElo "1667"]
[BlackElo "1487"]
[PlyCount "161"]
[EventDate "2020.04.07"]
[WhiteTeam "Bishop Trojans"]
[BlackTeam "Harrow 4"]

1. h3 d5 2. a3 Bf5 3. d3 e6 4. c3 c6 5. Nd2 Bd6 6. Ngf3 h6 7. Qc2 Nf6 8. g4 Bh7
9. Bg2 Nbd7 10. g5 Ng8 11. h4 Qc7 12. Nf1 Nc5 13. b4 Nd7 14. c4 Ne5 15. c5
Nxf3+ 16. Bxf3 Be5 17. Bb2 Ne7 18. e4 Rg8 19. Rg1 hxg5 20. Rxg5 Bxb2 21. Qxb2
f6 22. Rg1 Rd8 23. h5 dxe4 24. dxe4 Qf4 25. Qe2 Qe5 26. Rc1 Qf4 27. Rc4 Qe5 28.
Rc1 Qf4 29. Rc2 Rd4 30. Rc4 Qe5 31. Rxd4 Qxd4 32. h6 g6 33. Qd2 Qxd2+ 34. Nxd2
Kf7 35. Nc4 Rd8 36. Nd6+ Kg8 37. Ke2 g5 38. Nxb7 Ng6 39. Nd6 Ne5 40. Ke3 Nf7
41. Nc4 Nxh6 42. Bh5 Kg7 43. f4 Bg6 44. Be2 Nf7 45. e5 gxf4+ 46. Kxf4 Rd4+ 47.
Ke3 Rh4 48. exf6+ Kxf6 49. Rf1+ Ke7 50. Rd1 Be4 51. Rd4 Ng5 52. Ne5 Rh3+ 53.
Kf4 Kf6 54. Ng4+ Kg6 55. a4 Bd5 56. b5 cxb5 57. axb5 Rh4 58. Kg3 Rh1 59. Bd3+
Kh5 60. Nf6+ Kh6 61. Nxd5 exd5 62. Rxd5 Re1 63. Rd6+ Re6 64. Rd8 Ne4+ 65. Bxe4
Rxe4 66. c6 Rc4 67. Kf3 Kg6 68. Ke3 Kf6 69. Kd3 Rc1 70. Kd2 Rc5 71. Kd3 Ke6 72.
Kd4 Rc1 73. Ke4 Rc4+ 74. Kd3 Rc1 75. Ra8 Kd5 76. Rxa7 Kc5 77. Rb7 Kd5 78. c7
Kd6 79. b6 Kd7 80. Rb8 Rc6 81. Rd8+ 1-0

[Event "4NCL Online Division 5"]
[Site "online"]
[Date "2020.04.07"]
[Round "1.123"]
[White "Dilukshan, Manoharan"]
[Black "Bainbridge, Bryan J"]
[Result "0-1"]
[WhiteElo "1480"]
[BlackElo "1570"]
[PlyCount "138"]
[EventDate "2020.04.07"]
[WhiteTeam "Harrow 4"]
[BlackTeam "Bishop Trojans"]

1. e4 e6 2. Nf3 a6 3. Nc3 b5 4. d4 Bb7 5. Bd3 h6 6. Be3 Nf6 7. O-O b4 8. Ne2
Nxe4 9. Bxe4 Bxe4 10. Nd2 Bb7 11. Ng3 d6 12. Nf3 c5 13. dxc5 dxc5 14. Qxd8+
Kxd8 15. Rad1+ Ke8 16. b3 Nc6 17. Bc1 Rd8 18. Bb2 f6 19. Nh4 Ne7 20. c3 a5 21.
cxb4 cxb4 22. Rxd8+ Kxd8 23. Rd1+ Ke8 24. Bd4 Kf7 25. Bb6 g5 26. Nf3 Bxf3 27.
gxf3 Nd5 28. Bxa5 Bd6 29. Ne4 Be7 30. Rc1 Ra8 31. Bc7 Rc8 32. Rc6 Rxc7 33. Rxc7
Nxc7 34. Kf1 Nd5 35. Ke2 f5 36. Nd2 Nc3+ 37. Kd3 Nxa2 38. Kc4 Nc3 39. Kd4 Nd1
40. Nc4 Nxf2 41. Ne5+ Kf6 42. Nd7+ Kg7 43. Kc4 h5 44. Nc5 Kf7 45. Kxb4 Nd3+ 46.
Kc4 Nxc5 47. b4 Nb7 48. b5 Nd6+ 49. Kc5 Nxb5+ 50. Kxb5 Kf6 51. Kc4 Ke5 52. Kd3
Kf4 53. Ke2 Bc5 54. Kd3 Kxf3 55. Kc4 Bd6 56. Kd4 Bxh2 57. Kd3 e5 58. Kd2 e4 59.
Ke1 e3 60. Kf1 e2+ 61. Ke1 Bg3+ 62. Kd2 e1=Q+ 63. Kc2 h4 64. Kb2 h3 65. Ka2 Qe3
66. Kb2 h2 67. Kc2 h1=Q 68. Kb2 Qh2+ 69. Kb1 Qe1# 0-1

[Event "4NCL Online Division 5"]
[Site "online"]
[Date "2020.04.07"]
[Round "1.124"]
[White "Berry, Robert"]
[Black "Walker, David J R"]
[Result "1-0"]
[WhiteElo "1562"]
[BlackElo "1285"]
[PlyCount "53"]
[EventDate "2020.04.07"]
[WhiteTeam "Bishop Trojans"]
[BlackTeam "Harrow 4"]

1. e4 c5 2. Bc4 d6 3. h3 e6 4. a3 Nf6 5. Nc3 a6 6. Ba2 Nc6 7. Nf3 Be7 8. d3 h6
9. O-O O-O 10. Nh2 b5 11. Ne2 Bb7 12. Ng3 Rc8 13. Ng4 Ne5 14. Nxe5 dxe5 15. Nh5
Qc7 16. Nxf6+ Bxf6 17. Qg4 Kh7 18. f4 g5 19. fxg5 Rg8 20. Rxf6 Rg7 21. Rxh6+
Kg8 22. g6 fxg6 23. Qxe6+ Qf7 24. Qxf7+ Rxf7 25. Bxf7+ Kxf7 26. Rh7+ Ke6 27.
Rxb7 1-0

[Event "4NCL Online Division 5"]
[Site "online"]
[Date "2020.04.07"]
[Round "1.131"]
[White "Millar, Stephen"]
[Black "Jackson, Edward"]
[Result "1/2-1/2"]
[WhiteElo "1817"]
[BlackElo "1712"]
[PlyCount "80"]
[EventDate "2020.04.07"]
[WhiteTeam "St Albans 2"]
[BlackTeam "Manchester Juniors B"]

1. e4 c6 2. c4 d5 3. cxd5 cxd5 4. exd5 Nf6 5. Nc3 Nxd5 6. d4 Nc6 7. Bb5 Nxc3 8.
bxc3 Rb8 9. Bf4 Ra8 10. Nf3 Bg4 11. Qd3 a6 12. Ba4 b5 13. Bb3 e6 14. O-O Bd6
15. Bg5 Be7 16. Bxe7 Nxe7 17. a4 Bxf3 18. Qxf3 O-O 19. Qb7 Nd5 20. Bxd5 Qxd5
21. Qxd5 exd5 22. axb5 axb5 23. Rab1 Rac8 24. Rxb5 Rxc3 25. Rxd5 Rd3 26. Re1 g6
27. g3 Rc8 28. Rd7 Rc2 29. Kg2 Rdd2 30. Rf1 Rc4 31. d5 Rcd4 32. Re1 Rxd5 33.
Rxd5 Rxd5 34. h4 h5 35. Re3 Ra5 36. Re2 Kg7 37. Re3 Ra2 38. Kf3 Kf6 39. Rc3 Ra6
40. Rd3 Re6 1/2-1/2

[Event "4NCL Online Division 5"]
[Site "online"]
[Date "2020.04.07"]
[Round "1.132"]
[White "Jayawarna, Tarini"]
[Black "Price, Liam"]
[Result "1-0"]
[WhiteElo "1520"]
[BlackElo "1712"]
[PlyCount "47"]
[EventDate "2020.04.07"]
[WhiteTeam "Manchester Juniors B"]
[BlackTeam "St Albans 2"]

1. e4 c5 2. Nf3 d6 3. d4 cxd4 4. Nxd4 Nc6 5. Nc3 g6 6. Be3 Bg7 7. f3 Bd7 8. Bc4
Nf6 9. Qd2 O-O 10. O-O-O a6 11. g4 Ne5 12. Bb3 Rc8 13. h4 Nexg4 14. fxg4 Bxg4
15. Rdg1 b5 16. Bh6 Bh5 17. Bxg7 Kxg7 18. Nf5+ Kg8 19. Qh6 Ne8 20. Qxh5 Kh8 21.
Qh6 Rg8 22. Bxf7 Nf6 23. Bxg8 Qxg8 24. Nxe7 1-0